Geographie nach Buchstabe - I - Statistiken

Allgemein
  • Dieses Quiz wurde 12.842 mal gespielt
  • Das Durchschnittsergebnis liegt bei 14 aus 22
Antwortstatistiken
Hinweis Antwort % Korrekt
Stiefelförmiges Land Italien
98%
Jüdisches Land Israel
96%
Spanische Partyinsel Ibiza
93%
Zweitgrößte Religion der Welt Islam
92%
Stadt, die früher Konstantinopel genannt wurde Istanbul
92%
Jakarta ist seine Hauptstadt Indonesien
90%
Grönland, Madagaskar, Honshu, ... Insel
82%
Land und Subkontinent Indien
81%
Éire Irland
81%
Halbinsel auf der Spanien und Portugal liegen Iberien
78%
Dieses Land marschierte 1990 in Kuwait ein Irak
78%
US-Staat bekannt für seine Kartoffeln Idaho
72%
Südamerikanisches Reich, das 1533 erobert wurde Inka
69%
Russische Variante des Namens Johannes Iwan
57%
Land of Lincoln Illinois
51%
Heiliger Vogel im alten Ägypten Ibis
40%
Großer Fluss in Indien und Pakistan Indus
39%
Berühmter Strand von Rio de Janeiro Ipanema
38%
Vorname des ugandischen Diktators Amin Idi
35%
"Hauptstadt" der schottischen Highlands Inverness
31%
Gruppe von fünf Indianerstämmen Irokesen
26%
Engster Punkt einer Landbrücke, auch bekannt als Landenge Isthmus
17%
Keine übereinstimmenden Quizze gefunden
Verteilung der Resultate
Anzahl Personen mit jedem Resultat
Perzentil nach korrekt beantworteten Fragen
Ihre Resultats-Entwicklung
Sie haben dieses Quiz noch nicht gespielt